León /
Furkejuvvon:
| Searvvušdahkkit: | , |
|---|---|
| Materiálatiipa: | Texto |
| Almmustuhtton: |
Managua:
Centro de Investigaciones y Estudios para la Reforma Agraria
|
| Fáddágilkorat: |
Lasit fáddágilkoriid
Eai fáddágilkorat, Lasit vuosttaš fáddágilkora!
|
MARC
| LEADER | 00000 a a2200000 04500 | ||
|---|---|---|---|
| 001 | 20821 | ||
| 003 | |||
| 040 | |||
| 090 | |a 089000 | ||
| 110 | |a Nicaragua. Ministerio de Desarrollo Agropecuario y Reforma Agraria. Centro de Investigaciones y Estudios para la Reforma Agraria | ||
| 245 | |a León / |c Nicaragua. Ministerio de Desarrollo Agropecuario y Reforma Agraria. Centro de Investigaciones y Estudios para la Reforma Agraria | ||
| 260 | |a Managua: |b Centro de Investigaciones y Estudios para la Reforma Agraria | ||
| 300 | |a 235 p.; v. 2 | ||
| 710 | |a MIDINRA | ||
| 999 | |c 13924 |d 13924 | ||
